书目信息 |
| 题名: |
大棋局
|
|
| 作者: | 魏纪奎 , 张丽 , 余海玉 著 | |
| 分册: | ||
| 出版信息: | 成都 四川文艺出版社 2018 |
|
| 页数: | 171页 | |
| 开本: | 24cm | |
| 丛书名: | ||
| 单 册: | ||
| 中图分类: | I235.2 , K152 | |
| 科图分类: | ||
| 主题词: | 电视纪录片--dian shi ji lu pian--专题片--解说词--中国--当代 , 第二次世界大战--di er ci shi jie da zhan--史料 | |
| 电子资源: | ||
| ISBN: | 978-7-5411-4409-7 | |
| 000 | 01233nam0 2200301 450 | |
| 001 | 012001010051 | |
| 005 | 20140102114304.0 | |
| 010 | @a978-7-5411-4409-7@dCNY38.00 | |
| 099 | @aCAL 012018059361 | |
| 100 | @a20180523d2018 em y0chiy50 ea | |
| 101 | 0 | @achi |
| 102 | @aCN@b510000 | |
| 105 | @aah z 000zd | |
| 106 | @ar | |
| 200 | 1 | @a大棋局@Ada qi ju@e从《开罗宣言》到《波茨坦公告》@f魏纪奎, 张丽, 余海玉著 |
| 210 | @a成都@c四川文艺出版社@d2018 | |
| 215 | @a171页@c图, 摹真@d24cm | |
| 330 | @a本书以独到的创作视角,选取了从1943年11月《开罗宣言》到1945年7月《波茨坦公告》这20个月之间的史实片段进行重现,揭开中美英苏四国绞杀法西斯日本始末,见证七十多年前的中国从艰难时局踏入盟国四强的完整过程,与此同时,也透过影像见证一个伟大民族屹立于世界东方的勇气与不屈。 | |
| 517 | 1 | @a从《开罗宣言》到《波茨坦公告》@Acong《kai luo xuan yan》dao《bo ci tan gong gao》 |
| 606 | 0 | @a电视纪录片@Adian shi ji lu pian@x专题片@x解说词@y中国@z当代 |
| 606 | 0 | @a第二次世界大战@Adi er ci shi jie da zhan@x史料 |
| 690 | @aI235.2@v5 | |
| 690 | @aK152@v5 | |
| 701 | 0 | @a魏纪奎@AWei Jikui@4著 |
| 701 | 0 | @a张丽@AZhang Li@4著 |
| 701 | 0 | @a余海玉@AYu Haiyu@4著 |
| 801 | 2 | @aCN@b上海新华@c20191020 |
| 905 | @b1135433-5@dI235.2@e215@f3 | |
| 大棋局:从《开罗宣言》到《波茨坦公告》/魏纪奎, 张丽, 余海玉著.-成都:四川文艺出版社,2018 |
| 171页:图, 摹真;24cm |
| ISBN 978-7-5411-4409-7:CNY38.00 |
| 本书以独到的创作视角,选取了从1943年11月《开罗宣言》到1945年7月《波茨坦公告》这20个月之间的史实片段进行重现,揭开中美英苏四国绞杀法西斯日本始末,见证七十多年前的中国从艰难时局踏入盟国四强的完整过程,与此同时,也透过影像见证一个伟大民族屹立于世界东方的勇气与不屈。 |
| ● |
| 相关链接 |
|
|
|
|
正题名:大棋局
索取号:I235.2/215
 
预约/预借
| 序号 | 登录号 | 条形码 | 馆藏地/架位号 | 状态 | 备注 |
| 1 | 1135433 | 211354336 | 第一样本阅览室/ [索取号:I235.2/215] | 在馆 | |
| 2 | 1135434 | 211354345 | 第二借阅区/ [索取号:I235.2/215] | 在馆 | |
| 3 | 1135435 | 211354354 | 第二借阅区/ [索取号:I235.2/215] | 在馆 |